<?xml version="1.0" encoding="UTF-8"?><?xml-stylesheet type="text/xsl" href="static/style.xsl"?><OAI-PMH xmlns="http://www.openarchives.org/OAI/2.0/" xmlns:xsi="http://www.w3.org/2001/XMLSchema-instance" xsi:schemaLocation="http://www.openarchives.org/OAI/2.0/ http://www.openarchives.org/OAI/2.0/OAI-PMH.xsd"><responseDate>2026-04-27T20:01:37Z</responseDate><request verb="GetRecord" identifier="oai:uvadoc.uva.es:10324/28560" metadataPrefix="marc">https://uvadoc.uva.es/oai/request</request><GetRecord><record><header><identifier>oai:uvadoc.uva.es:10324/28560</identifier><datestamp>2021-06-29T19:27:20Z</datestamp><setSpec>com_10324_38</setSpec><setSpec>col_10324_852</setSpec></header><metadata><record xmlns="http://www.loc.gov/MARC21/slim" xmlns:doc="http://www.lyncode.com/xoai" xmlns:xsi="http://www.w3.org/2001/XMLSchema-instance" xmlns:dcterms="http://purl.org/dc/terms/" xsi:schemaLocation="http://www.loc.gov/MARC21/slim http://www.loc.gov/standards/marcxml/schema/MARC21slim.xsd">
<leader>00925njm 22002777a 4500</leader>
<datafield tag="042" ind1=" " ind2=" ">
<subfield code="a">dc</subfield>
</datafield>
<datafield tag="720" ind1=" " ind2=" ">
<subfield code="a">Valverde Pérez, Melanie</subfield>
<subfield code="e">author</subfield>
</datafield>
<datafield tag="260" ind1=" " ind2=" ">
<subfield code="c">2017</subfield>
</datafield>
<datafield tag="520" ind1=" " ind2=" ">
<subfield code="a">INTRODUCCIÓN: En los últimos tiempos se han visto aumentados el número de accidentes con múltiples víctimas, bien sucedidos por causas naturales, accidentales o provocadas. Puesto que este tipo de acontecimientos provocan un gran impacto económico, social, y psicológico, es necesaria la existencia de Planes Territoriales elaborados para hacer frente a las emergencias generales que puedan presentarse en cada ámbito territorial.&#xd;
MATERIAL Y MÉTODOS: Para desarrollar este trabajo de revisión bibliográfica se realizó una búsqueda avanzada en Google Scholars, se consultó el Repositorio Documental de la Universidad de Valladolid (UVaDOC), y páginas web de Instituciones y Organismos del Sistema Nacional de Salud. Además, se recopilaron los Planes de Actuación de 18 Comunidades Autónomas, siendo escogidos 6 para el estudio.&#xd;
RESULTADOS: Se han analizado en tablas los siguientes apartados de los Planes Territoriales: Fecha de homologación, fecha de actualización, estructura y dirección del plan, fases de la operatividad, niveles de gravedad, activación del plan, zonificación, medidas de actuación, actualización y revisión del plan. Los Planes Territoriales analizados han sido PTEAnd, PROCICAT, PLATERCAM, PTECV, PLATERGA y PLANCAL.&#xd;
DISCUSIÓN: Se puede concluir que los Planes Territoriales tienen una base común, que es la establecida por la Norma Básica de Protección Civil, y una parte que difiere del resto de planes porque está elaborada en función de las características del territorio que ocupa.</subfield>
</datafield>
<datafield tag="024" ind2=" " ind1="8">
<subfield code="a">http://uvadoc.uva.es/handle/10324/28560</subfield>
</datafield>
<datafield ind1=" " ind2=" " tag="653">
<subfield code="a">Accidentes de tráfico-Lesiones y heridas</subfield>
</datafield>
<datafield ind1=" " ind2=" " tag="653">
<subfield code="a">Protección civil</subfield>
</datafield>
<datafield tag="245" ind1="0" ind2="0">
<subfield code="a">Revisión de Planes de Actuación ante accidentes con múltiples víctimas y catástrofes</subfield>
</datafield>
</record></metadata></record></GetRecord></OAI-PMH>